000
00324nam a2200145Ia 4500
005
20251222152633.0
008
251222s9999||||xx |||||||||||||| ||spa||
020
_a
8439508352
082
_a
709/DS98
100
_a
Dustan MartÃn, Graham
245
0
_a
Favila
250
_a
1ra.ed.
264
_b
Espasa Calpe
942
_c
LIB
999
_c
27809
_d
27809